000 00903nam a2200241 i 4500
001 bg
245 0 0 _aProjekty inwestycyjne finansowane z funduszy strukturalnych na lata 2007-2013 :
_bwybrane aspekty /
_cpod red. Wioletty Czemiel-Grzybowskiej.
260 _aBiałystok :
_bWydawnictwo Politechniki Białostockiej,
_c2008.
300 _a153 s. :
_bil. ;
_c23 cm.
490 1 _aRozprawy Naukowe / Politechnika Białostocka,
_x0867-096X ;
_vnr 159
650 9 _aFundusze strukturalne UE
_zPolska
650 9 _aInwestycje
_xprojekty
_xfinanse
655 _aPodręczniki
700 1 _aCzemiel-Grzybowska, Wioletta
_d(1978- ).
_eRed.
830 0 _aRozprawy Naukowe - Politechnika Białostocka
_x0867-096X
_vnr 159
022 _a0867096X
040 _cBPK
041 0 _apol
_beng
044 _aPOL
080 _a330.322:339.7(4-67)]"2007/2013"
942 _cKS
008 090807s2008 pl a |000 0 pol
999 _c56638
_d56638
856 _uhttp://koha.tu.koszalin.pl/cgi-bin/koha/opac-detail.pl?biblionumber=56638
_yKatalog online BPK